| Tag |
First Indicator |
Second Indicator |
Subfields |
| LEADER |
00000cgm a22000003i 4500 |
| 001 |
in00003745708 |
| 006 |
m|||||o||c|||||||| |
| 007 |
cr |n||||||||a |
| 007 |
vz |za|z| |
| 008 |
160415s2011 nyu011 e |o vleng d |
| 005 |
20260324203519.4 |
| 035 |
|
|
|a (OCoLC)950015674
|
| 035 |
|
|
|a (VaAlASP)ASP2866110/cbsv
|
| 040 |
|
|
|a VaAlASP
|b eng
|e rda
|c VaAlASP
|d UtOrBLW
|
| 245 |
0 |
0 |
|a Sunday morning.
|p Mr. President /
|c producer, Ed Forgotson.
|
| 246 |
1 |
0 |
|a Mr. President
|
| 246 |
1 |
3 |
|a President Barack Obama
|
| 264 |
|
1 |
|a New York, NY :
|b Columbia Broadcasting System,
|c 2011.
|
| 300 |
|
|
|a 1 online resource (11 minutes)
|
| 306 |
|
|
|a 001034
|
| 336 |
|
|
|a two-dimensional moving image
|b tdi
|2 rdacontent
|
| 337 |
|
|
|a video
|b v
|2 rdamedia
|
| 337 |
|
|
|a computer
|b c
|2 rdamedia
|
| 338 |
|
|
|a other
|b vz
|2 rdacarrier
|
| 338 |
|
|
|a online resource
|b cr
|2 rdacarrier
|
| 347 |
|
|
|a data file
|2 rda
|
| 500 |
|
|
|a Title from resource description page (viewed April 15, 2016).
|
| 520 |
|
|
|a On this Sunday Morning cover story, Anthony Mason talks with President Barack Obama about the economy as he visits Minnesota, Illinois, and Iowa to meet with Americans.
|
| 546 |
|
|
|a In English.
|
| 600 |
1 |
0 |
|a Obama, Barack
|v Interviews.
|
| 651 |
|
0 |
|a United States
|x Economic conditions
|y 2009-
|0 http://id.loc.gov/authorities/subjects/sh2009006641
|
| 651 |
|
0 |
|a United States
|x Economic policy.
|0 http://id.loc.gov/authorities/subjects/sh85140033
|
| 655 |
|
7 |
|a Internet videos.
|2 lcgft
|0 http://id.loc.gov/authorities/genreForms/gf2011026337
|
| 655 |
|
7 |
|a Television news programs.
|2 lcgft
|0 http://id.loc.gov/authorities/genreForms/gf2011026667
|
| 700 |
1 |
|
|a Forgotson, Ed,
|e producer.
|
| 700 |
1 |
|
|a Mason, Anthony,
|e reporter.
|0 http://id.loc.gov/authorities/names/n88041825
|
| 700 |
1 |
|
|a Obama, Barack,
|e interviewee.
|0 http://id.loc.gov/authorities/names/n94112934
|
| 710 |
2 |
|
|a CBS News,
|e production company.
|0 http://id.loc.gov/authorities/names/n82221065
|
| 856 |
4 |
0 |
|u http://proxy.library.tamu.edu/login?url=https://www.aspresolver.com/aspresolver.asp?CBSV;2866110
|z Connect to this streaming video (Alexander Street Press)
|t 0
|
| 999 |
f |
f |
|s 1442c487-d079-3618-a546-f5ffc8104883
|i 38f76569-f29e-3a98-9be8-ba6b16096888
|t 0
|
| 952 |
f |
f |
|a Texas A&M University
|b College Station
|c Electronic Resources
|s www_evans
|d Available Online
|t 0
|h No information provided
|
| 998 |
f |
f |
|t 0
|l Available Online
|